000 01061cam a22003257a 4500
003 CHAP
005 20220329141852.0
008 980318d1981 mx r 00110 spa d
010 _a75043
011 _a76015
020 _a968815041X
035 _a85591
040 _cCHAP
082 0 4 _a333.0972
_bG69
100 0 0 _aGonzález Roa, Fernando.
_949343
245 1 2 _aEl aspecto agrario de la revolución mexicana
_c/por Fernando González Roa
260 0 _aMéxico, D. F. :
_bSecretaría de la Reforma Agraria,
_c1981.
300 _a328 p.
590 _aBATCH-UPD
_b10
_c20130110
_lUCH01
_h1649
590 _aBATCH-UPD
_b10
_c20130410
_lUCH01
_h1038
590 _aBATCH-UPD
_b10
_c20130914
_lUCH01
_h1827
590 _aCONVERSION
_b10
_c20130109
_lUCH01
_h1341
650 1 4 _aMéxico
_xHistoria
_xRevolución.
_976768
650 1 4 _aReforma agraria
_zMéxico.
_995596
650 1 4 _aTierras
_xTenencia
_xHistoria.
_9113171
901 _aBK
905 _aLilia Sánchez G.
942 _cLIBRO
949 _a333.0972 G69
_bBC
_cLIBRO
_d33724000591533
_eLIBRO
_h92590
_i85591
_si
999 _c75043
_d75043